¿Puede adquirirse la inteligencia mediante aprendizaje? (Record no. 75447)

MARC details
000 -CABECERA
campo de control de longitud fija 00600nam a2200205 a 4500
005 - FECHA Y HORA DE LA ÚLTIMA TRANSACCIÓN
campo de control 20210219153359.0
008 - ELEMENTOS DE LONGITUD FIJA--INFORMACIÓN GENERAL
campo de control de longitud fija 991125n 000 0 spa u
035 ## - NÚMERO DE CONTROL DEL SISTEMA
Número de control de sistema UPN01000095302
100 ## - ASIENTO PRINCIPAL--NOMBRE PERSONAL
Nombre de persona WEINERT, F. E.
222 ## - TÍTULO CLAVE
Título clave EDUCACION : COLECCION SEMESTRAL DE APORTACIONES ALEMANAS RECIENTES EN LAS CIENCIAS PEDAGOGICAS
245 ## - MENCIÓN DE TÍTULO
Título ¿Puede adquirirse la inteligencia mediante aprendizaje?
260 ## - PUBLICACIÓN, DISTRIBUCIÓN, ETC.
Lugar de publicación, distribución, etc. ALEMANIA
300 ## - DESCRIPCIÓN FÍSICA
Extensión 116-124
362 ## - FECHAS DE PUBLICACIÓN Y/O DESIGNACIÓN SECUENCIAL
Fecha de publicación y/o designación secuencial 1972 Vol. 6
653 0# - TERMINO DE INDIZACION - NO CONTROLADO
Término no controlado APRENDIZAJE
653 0# - TERMINO DE INDIZACION - NO CONTROLADO
Término no controlado INTELIGENCIA
653 0# - TERMINO DE INDIZACION - NO CONTROLADO
Término no controlado MEDIO AMBIENTE
904 ## - ELEMENTOS DE DATOS D LOCAL, LDD (RLIN)
a AC
b 033113
905 ## - TIPO DE MATERIAL
Tipo de material Articulo

No items available.